000
00258nam a2200085Ia 4500
245
0
_a
Water : science and issues. Volume 3 : Land-Pricing
100
_a
Dasch, Julius E. New York, 2003
_9
95985
942
_c
BK
008
210817s9999 xx 000 0 und d
999
_c
401511
_d
401510